| 000 | 00430nam a2200133Ia 4500 | ||
|---|---|---|---|
| 008 | 181023s9999 xx 000 0 und d | ||
| 020 | _a9781138839441 | ||
| 100 | _aWinters, Patrick. | ||
| 245 |
_cPatrick Winters.-- _aSound design for low and no budget films / |
||
| 260 |
_aNew York : _bRoutlege _c2017 |
||
| 300 | _axvii, 262 pages. | ||
| 650 | _aMotion pictures -- sound effects. | ||
| 650 | _aSound-- recording and reproducing. | ||
| 999 |
_c359362 _d359362 |
||